Library of the University of Algiers 3
Ibrahim Sultan Cheibout
شعار جامعة الجزائر 3
مكتبة جامعة الجزائر 3
إبراهيم سلطان شيبوط

عجائب الأسفار ولطائف الأخبار لمحمد بن أحمد أبي راس الناصر / (رقم التسجيلة. 41563)

تفاصيل مارك
000 -LEADER
fixed length control field 01222nam a2200241Ia 4500
003 - CONTROL NUMBER IDENTIFIER
control field Ost
005 - DATE AND TIME OF LATEST TRANSACTION
control field 20260507074850.0
008 - FIXED-LENGTH DATA ELEMENTS--GENERAL INFORMATION
fixed length control field 260507s9999||||xx |||||||||||||| ||und||
020 ## - INTERNATIONAL STANDARD BOOK NUMBER
International Standard Book Number 9961813111
040 ## - CATALOGING SOURCE
Transcribing agency fsecg
041 ## - LANGUAGE CODE
Language code of text/sound track or separate title ara
082 ## - DEWEY DECIMAL CLASSIFICATION NUMBER
Classification number 961.5
100 ## - MAIN ENTRY--PERSONAL NAME
Relator term مؤلف
245 #0 - TITLE STATEMENT
Title عجائب الأسفار ولطائف الأخبار لمحمد بن أحمد أبي راس الناصر /
260 ## - PUBLICATION, DISTRIBUTION, ETC.
Place of publication, distribution, etc. وهران:
Name of publisher, distributor, etc. منشورات كراسك,
Date of publication, distribution, etc. 2005
300 ## - PHYSICAL DESCRIPTION
Extent 224 صفحة؛
Other physical details إيضاحات ؛
Dimensions 24 سم
504 ## - BIBLIOGRAPHY, ETC. NOTE
Bibliography, etc. note بيبليوغرافيا: ص.193
520 ## - SUMMARY, ETC.
Summary, etc. فائدة التاريخ، التهليل لفتح وهران، بلاد المغرب، جزر بحر الروم، قبائل بني عامر وغيرها، الاحتلال الاسباني، تحرير وهران يتم بالحرب، الامارة المغراوية بين المد والجزر، المرابطون ووهران، الموحدون ووهران، الزيانيون ووهران، المرينيون ووهران، الاحتلال الاسباني لوهران، الأتراك في الجزائر
653 ## - INDEX TERM--UNCONTROLLED
Uncontrolled term التاريخ
653 ## - INDEX TERM--UNCONTROLLED
Uncontrolled term الجزائر
653 ## - INDEX TERM--UNCONTROLLED
Uncontrolled term الرحلات
942 ## - ADDED ENTRY ELEMENTS (KOHA)
Koha item type كتب
المقتنيات
Withdrawn status Lost status Source of classification or shelving scheme Damaged status Not for loan Home library Current library Date acquired Serial enumeration / chronology Inventory number Total checkouts Full call number Barcode Date last seen Price effective from Koha item type
    Dewey Decimal Classification   NOT LOAN / إعارة داخلية مكتبة كلية العلوم الإقتصادية والعلوم التجارية وعلوم التسيير مكتبة كلية العلوم الإقتصادية والعلوم التجارية وعلوم التسيير 07/05/2026 الطابق الأرضي 39104   أ/2318ن1 39104 07/05/2026 07/05/2026 كتب
    Dewey Decimal Classification   Available مكتبة كلية العلوم الإقتصادية والعلوم التجارية وعلوم التسيير مكتبة كلية العلوم الإقتصادية والعلوم التجارية وعلوم التسيير 07/05/2026 الطابق الأرضي 39105   أ/2318ن2 39105 07/05/2026 07/05/2026 كتب

موارد الويب المفتوحة


© University of Algiers 3 All Rights Reserved
|
Implemented by LECHELAH Riad